Scorecard / (Record no. 68767)

000 -LEADER
fixed length control field 00802cam a2200265 a 4500
001 - CONTROL NUMBER
control field 3349357
003 - CONTROL NUMBER IDENTIFIER
control field NUST - PNEC
005 - DATE AND TIME OF LATEST TRANSACTION
control field 20170116181101.0
008 - FIXED-LENGTH DATA ELEMENTS--GENERAL INFORMATION
fixed length control field 870127s1984 pk 000 0aeng
010 ## - LIBRARY OF CONGRESS CONTROL NUMBER
LC control number 85931446
040 ## - CATALOGING SOURCE
Original cataloging agency DLC
Transcribing agency LIBRARY
Modifying agency DLC
043 ## - GEOGRAPHIC AREA CODE
Geographic area code a-ii---
050 00 - LIBRARY OF CONGRESS CALL NUMBER
Classification number PN5449.P28
Item number Z735 1984
082 ## - DEWEY DECIMAL CLASSIFICATION NUMBER
Classification number 920.02 KHA
100 1# - MAIN ENTRY--PERSONAL NAME
Personal name Hasan, Khalid,
Dates associated with a name 1934-2009.
245 10 - TITLE STATEMENT
Title Scorecard /
Statement of responsibility, etc. Khalid Hasan.
250 ## - EDITION STATEMENT
Edition statement 1st ed.
260 ## - PUBLICATION, DISTRIBUTION, ETC.
Place of publication, distribution, etc. Lahore :
Name of publisher, distributor, etc. Wajidalis,
Date of publication, distribution, etc. 1984.
300 ## - PHYSICAL DESCRIPTION
Extent 191 p. ;
Dimensions 23 cm.
600 10 - SUBJECT ADDED ENTRY--PERSONAL NAME
Personal name Hasan, Khalid,
Dates associated with a name 1934-2009
General subdivision Friends and associates.
650 #0 - SUBJECT ADDED ENTRY--TOPICAL TERM
Topical term or geographic name entry element Biography
Geographic subdivision Pakistan
Form subdivision Biography.
9 (RLIN) 12395
General subdivision General books
906 ## - LOCAL DATA ELEMENT F, LDF (RLIN)
a 7
b cbc
c orignew
d 3
e ncip
f 19
g y-gencatlg
942 ## - ADDED ENTRY ELEMENTS (KOHA)
Source of classification or shelving scheme
Koha item type Book
Holdings
Withdrawn status Lost status Source of classification or shelving scheme Damaged status Not for loan Permanent Location Current Location Shelving location Date acquired Total Checkouts Full call number Barcode Date last seen Price effective from Koha item type
          Pakistan Navy Engineering College (PNEC) Pakistan Navy Engineering College (PNEC)       920.02 KHA PNECLIB-006396 10/02/2015   Book
© 2023 Central Library, National University of Sciences and Technology. All Rights Reserved.